Sermones e instrucciones catequísticas para misiones y ejercicios espirituales

Saved in:
Bibliographic Details
Main Author: Biamonti, F
Format: Book
Language:Spanish
Published: Barcelona E. Subirana 1914
Series:Biblioteca del Orador Sagrado. 8-11
Subjects:
Tags: Add Tag
No Tags, Be the first to tag this record!

MARC

LEADER 00000cam a2200000 a 4500
001 UCD0888
003 CL-VaPUC
005 20230602141311.0
008 151218e19140000sp |||||||||||||||||spa|d
999 |c 362325  |d 362323 
040 |c Pontificia Universidad Católica de Valparaíso 
082 0 4 |a 291.43 BIA 1914  |2 21 
100 0 |a Biamonti, F  |9 583917 
245 1 0 |a Sermones e instrucciones catequísticas para misiones y ejercicios espirituales 
260 |a Barcelona  |b E. Subirana  |c 1914 
300 |a t 
490 0 |a Biblioteca del Orador Sagrado.  |v 8-11 
583 |a last modification  |c 20151218 14:15:00  |k Rodrigo Vera 
650 7 |a DOMINICAS  |2 CL-VaPUC  |9 399962 
650 0 |a Homilías  |9 366132 
650 7 |a SERMONES  |2 CL-VaPUC  |9 317687 
650 0 |a Adviento  |9 318605 
650 0 |a Cuaresma   |9 399326 
942 |c BK  |2 ddc 
945 |d 20151218 14:15:00  |a gsalatino 
952 |0 0  |1 0  |3 erd  |4 0  |6 291_430000000000000_BIA_1914  |7 0  |8 P  |9 473402  |a BIBTEO  |b BIBTES  |c TEO_FTES  |h t.1  |i 5274516  |o 291.43 BIA 1914  |p 5274516  |r 2024-01-18  |t 1  |w 2019-11-24  |y BK  |z Catalogado en:20151218  |k ICR 
952 |0 0  |1 0  |3 erd  |4 0  |6 291_430000000000000_BIA_1914  |7 0  |8 P  |9 473403  |a BIBTEO  |b BIBTES  |c TEO_FTES  |h t.2  |i 5274524  |o 291.43 BIA 1914  |p 5274524  |r 2024-01-18  |t 1  |w 2019-11-24  |y BK  |z Catalogado en:20151218  |k ICR 
952 |0 0  |1 0  |3 erd  |4 0  |6 291_430000000000000_BIA_1914  |7 0  |8 P  |9 473404  |a BIBTEO  |b BIBTES  |c TEO_FTES  |h t.3  |i 5274532  |o 291.43 BIA 1914  |p 5274532  |r 2024-01-18  |t 1  |w 2019-11-24  |y BK  |z Catalogado en:20151218  |k ICR 
952 |0 0  |1 0  |3 erd  |4 0  |6 291_430000000000000_BIA_1914  |7 0  |8 P  |9 473405  |a BIBTEO  |b BIBTES  |c TEO_FTES  |h t.4  |i 5274540  |o 291.43 BIA 1914  |p 5274540  |r 2024-01-18  |t 1  |w 2019-11-24  |y BK  |z Catalogado en:20151218  |k ICR